Driving effective workplace change in Asia (Record no. 84180)

MARC details
000 -LEADER
fixed length control field 01230cad a22001935a 4500
001 - CONTROL NUMBER
control field L156853
008 - FIXED-LENGTH DATA ELEMENTS--GENERAL INFORMATION
fixed length control field 120720s2012 xxk 000 0 eng d
035 ## - SYSTEM CONTROL NUMBER
System control number (Sirsi) u156853
041 0# - LANGUAGE CODE
Language code of text/sound track or separate title eng
110 2# - MAIN ENTRY--CORPORATE NAME
Corporate name or jurisdiction name as entry element Jones Lang LaSalle
9 (RLIN) 3755
245 00 - TITLE STATEMENT
Title Driving effective workplace change in Asia
Remainder of title June 2012
260 ## - PUBLICATION, DISTRIBUTION, ETC.
Place of publication, distribution, etc. [S.l.]
Name of publisher, distributor, etc. JLL
Date of publication, distribution, etc. 2012
520 ## - SUMMARY, ETC.
Summary, etc. Corporate real estate (CRE) professionals are increasingly driving or being asked to drive workplace change initiatives. CRE's new remit involves integrating with the business and partnering with functions such as IT, HR and corporate communications to deal with the behavioural dimensions of the workforce that vary significantly across Asia. Examines how different frames of leadership and culture can provide clues to successfully drive such workplace changes. No matter how good a workplace strategy is, it is crucial that it is implemented and managed effectively to create enduring workplace change.
590 ## - LOCAL NOTE (RLIN)
Local note NTK KA
651 #4 - SUBJECT ADDED ENTRY--GEOGRAPHIC NAME
Geographic name Asia
690 ## - LOCAL SUBJECT ADDED ENTRY--TOPICAL TERM (OCLC, RLIN)
Topical term or geographic name as entry element Business and management
856 40 - ELECTRONIC LOCATION AND ACCESS
Uniform Resource Identifier <a href="https://www.joneslanglasalle.com.cn/ResearchLevel1/JLL_APAC_Driving-Effective-Workplace-Change-in-Asia_June-2012.pdf">https://www.joneslanglasalle.com.cn/ResearchLevel1/JLL_APAC_Driving-Effective-Workplace-Change-in-Asia_June-2012.pdf</a>
Public note View the report at www.joneslanglasalle.com.cn
942 ## - ADDED ENTRY ELEMENTS (KOHA)
Suppress in OPAC 0
Holdings
Withdrawn status Lost status Source of classification or shelving scheme Damaged status Not for loan Home library Current library Shelving location Date acquired Total Checkouts Full call number Barcode Date last seen Copy number Price effective from Koha item type
    Dewey Decimal Classification     Virtual Virtual Online 20/07/2012   ONLINE PUBLICATION 156853-2001 06/08/2019 1 06/08/2019 Book